Dios, el dinero y la conciencia : diálogo entre un monje y un alto ejecutivo /
Diálogo que tiene la finalidad de propiciar un entendimiento de dos mundos tan dispares como son la vida enclaustrada de un monje y la vida cosmopolita de un hombre de negocios; presenta experiencias de mejoramiento personal que son capaces de inspirar en cualquier ámbito de la vida. Cada uno de los...
Gespeichert in:
| 1. Verfasser: | |
|---|---|
| Weitere Verfasser: | |
| Format: | Buch |
| Sprache: | Spanisch |
| Veröffentlicht: |
Maliaño, España :
Sal Terrae,
2011, c2011
|
| Schriftenreihe: | (Servidores y Testigos ;
124) |
| Schlagworte: | |
| Tags: |
Keine Tags, Fügen Sie das erste Tag hinzu!
|
MARC
| LEADER | 00000nam^a2200000^a^4500 | ||
|---|---|---|---|
| 001 | 000371058 | ||
| 005 | 20250521000000.0 | ||
| 009 | 20260310115921.65 | ||
| 020 | |a 978-84-293-1934-7 | ||
| 037 | |a Acervo ITESO - Biblioteca | ||
| 041 | |a ESP | ||
| 082 | |a 174. 4 |b GRU | ||
| 100 | |a Grün, Anselm |e (autor) | ||
| 245 | 1 | 0 | |a Dios, el dinero y la conciencia : |b diálogo entre un monje y un alto ejecutivo / |c A. Grün, J. Zeitz ; tr. por José Manuel Lozano-Gotor Perona. |
| 264 | 4 | |a Maliaño, España : |b Sal Terrae, |c 2011, c2011 | |
| 300 | |a 229 p. | ||
| 336 | |a texto |b txt |2 rdacontenido | ||
| 337 | |a sin mediación |b n |2 rdamedio | ||
| 338 | |a volumen |b nc |2 rdasoporte | ||
| 440 | 1 | |a (Servidores y Testigos ; |v 124) | |
| 500 | |a Traducción de: Gott, Geld und Gewissen. Mönch und Manager im Gespräch | ||
| 520 | |a Diálogo que tiene la finalidad de propiciar un entendimiento de dos mundos tan dispares como son la vida enclaustrada de un monje y la vida cosmopolita de un hombre de negocios; presenta experiencias de mejoramiento personal que son capaces de inspirar en cualquier ámbito de la vida. Cada uno de los que participan da respuesta a preguntas fundamentales como qué tanto hay de ejecutivo en un monje que tiene a su cargo a trescientos compañeros y una veintena de empresas de artesanías, y hasta qué punto un jefe de una empresa transnacional toma decisiones con base a valores morales más que a conveniencias de tipo económico-administrativo. | ||
| 649 | |a XX | ||
| 650 | |a Religiosos - |x Condiciones Económicas | ||
| 650 | |a Empresarios - |x Condiciones Sociales y Culturales | ||
| 650 | |a Etica en los Negocios - |x Tema Principal | ||
| 650 | |a Vida Monástica y Religiosa - |x Aspectos Eticos | ||
| 650 | |a Administración de Empresas - |x Aspectos Eticos | ||
| 700 | |a Zeitz, Jochen |e (autor) | ||
| 910 | |a Fondo General | ||
| 920 | |a Impresos - Libros | ||
| 930 | |a Colección General | ||
| 905 | |a 101 | ||
| 901 | |a 0500265092 |b IT1 |c ACC |i c148828 |u 20250521 | ||
| 902 | |a https://opac.biblio.iteso.mx/vufind/Record/000371058 | ||